| 000 | 00597nam a2200241Ia 4500 | ||
|---|---|---|---|
| 003 | OSt | ||
| 005 | 20220924132320.0 | ||
| 006 | a|||||r|||| 00| 0 | ||
| 007 | ta | ||
| 008 | 220923b |||||||| |||| 00| 0 san d | ||
| 024 | _a40839 | ||
| 037 | _cTextual | ||
| 040 |
_aARTS _cARTS _bsan |
||
| 041 |
_2san _asan |
||
| 082 | _aO15,1xN3, G4 | ||
| 100 |
_aMahalinga Sastri Y _9204129 |
||
| 245 | 0 | _aKinkini mala | |
| 260 | _c1934 | ||
| 300 |
_a102p. _ccm. |
||
| 650 | _aSANSKRIT LITERATURE | ||
| 942 |
_hO15,1xN3, G4 _cTEXL _2CC |
||
| 999 |
_c429945 _d429945 |
||